00925cam a22002531 4500001001300000003000400013005001700017008004100034010001700075035001900092040001700111042001200128050002400140110003200164245006600196260001900262300002200281490004700303500014800350504003100498650002300529650004500552810007400597l 56000035 DLC20260227111544.0760310s1956 sz 000 0 eng  al 56000035  a(OCoLC)2042380 aDLCcLUdDLC apremarc00aHD7801b.I67 no. 452 aInternational Labour Office10aInternational comparisons of real wages,ba study of methods. aGeneva,c1956. avi, 89 p.c24 cm.1 aIts Studies and reports, new ser.,vno. 45 a"The present study is a revised and expanded version of that presented to the Eighth [International] Conference [of Labor Statisticians, 1954]" aBibliographical footnotes. 0aWagesvStatistics. 0aCost and standard of livingvStatistics.2 aInternational Labour Office.tStudies and reports, new ser.,vno. 45.